Information security management principles / (Record no. 194329)

MARC details
000 -LEADER
fixed length control field 00896nam a2200265Ia 4500
003 - CONTROL NUMBER IDENTIFIER
control field OSt
005 - DATE AND TIME OF LATEST TRANSACTION
control field 20251115094743.0
008 - FIXED-LENGTH DATA ELEMENTS--GENERAL INFORMATION
fixed length control field 210716s2014 xx 000 0 und d
020 ## - INTERNATIONAL STANDARD BOOK NUMBER
International Standard Book Number 9781780171753
040 ## - CATALOGING SOURCE
Transcribing agency AIMIT LIBRARY
041 ## - LANGUAGE CODE
Language code of text/sound track or separate title eng
082 ## - DEWEY DECIMAL CLASSIFICATION NUMBER
Classification number 005.8
Edition number 2
Item number TAYA
245 ## - TITLE STATEMENT
Title Information security management principles /
Statement of responsibility, etc. Edited by Andy Tayor,...[et.al].
250 ## - EDITION STATEMENT
Edition statement 2nd ed.
260 ## - PUBLICATION, DISTRIBUTION, ETC.
Place of publication, distribution, etc. New Delhi :
Name of publisher, distributor, etc. Viva Books ,
Date of publication, distribution, etc. 2014.
300 ## - PHYSICAL DESCRIPTION
Extent xvi,208p. ;
Other physical details PB
Dimensions 24.3 cm
650 ## - SUBJECT ADDED ENTRY--TOPICAL TERM
Topical term or geographic name entry element Information risk
9 (RLIN) 245647
650 ## - SUBJECT ADDED ENTRY--TOPICAL TERM
Topical term or geographic name entry element Procedural and people security controls
9 (RLIN) 245648
650 ## - SUBJECT ADDED ENTRY--TOPICAL TERM
Topical term or geographic name entry element Software development and life cycle
9 (RLIN) 245649
700 ## - ADDED ENTRY--PERSONAL NAME
Personal name Taylor, Andy
Relator term Editor
9 (RLIN) 245650
700 ## - ADDED ENTRY--PERSONAL NAME
Personal name Alexander, David.
Relator term Editor
9 (RLIN) 245651
700 ## - ADDED ENTRY--PERSONAL NAME
Personal name Finch, Amanda.
Relator term Editor
9 (RLIN) 245652
700 ## - ADDED ENTRY--PERSONAL NAME
Personal name Sutton, David.
Relator term Editor
9 (RLIN) 245653
942 ## - ADDED ENTRY ELEMENTS (KOHA)
Source of classification or shelving scheme Dewey Decimal Classification
Koha item type Book
Edition 2nd
Item part 005.8 TAYA
Holdings
Withdrawn status Lost status Source of classification or shelving scheme Damaged status Not for loan Collection code Home library Current library Source of acquisition Cost, normal purchase price Inventory number Total Checkouts Full call number Barcode Date last seen Cost, replacement price Price effective from Koha item type
    Dewey Decimal Classification     MCA St Aloysius Institute of Management & Information Technology St Aloysius Institute of Management & Information Technology Knowledge World 895.00 Bill no:432; Bill dt:2015-03-03   005.8 TAYA MCA13837 05/23/2026 671.25 07/16/2021 Book